Central Library OPAC University of Rajshahi

Geschichte der orientalischen Völker Russlands bis 1917 : (Record no. 27387)

MARC details
000 -LEADER
fixed length control field 00837nam a22002412 4500
001 - CONTROL NUMBER
control field 27387
003 - CONTROL NUMBER IDENTIFIER
rucl marc code BD-RjUL
005 - DATE AND TIME OF LATEST TRANSACTION
control field 20211209051140.0
008 - FIXED-LENGTH DATA ELEMENTS--GENERAL INFORMATION
fixed length control field 140325s1961 gw b 001 0 ger d
035 ## - SYSTEM CONTROL NUMBER
System control number (BD-RjUL)27460
-- OCLC ocm03411968 from D961005M
040 ## - CATALOGING SOURCE
Original cataloging agency DLC
Transcribing agency UUM
Modifying agency EQO
-- BD-RjUL
Language of cataloging eng
041 ## - LANGUAGE CODE
Language code of text/sound track or separate title eng
082 04 - DEWEY DECIMAL CLASSIFICATION NUMBER
Classification number 947
Author mark and year SAG 1961
100 1# - MAIN ENTRY--PERSONAL NAME
Personal name Sarkisyanz, Manuel.
9 (RLIN) 84135
245 10 - TITLE STATEMENT
Title Geschichte der orientalischen Völker Russlands bis 1917 :
Remainder of title eine Ergänzung zur ostslawischen Geschichte Russlands /
Statement of responsibility, etc. Manuel Sarkisyanz ;Mit einem Vorwort von Berthold Spuler.
260 ## - PUBLICATION, DISTRIBUTION, ETC. (IMPRINT)
Place of publication, distribution, etc. München :
Name of publisher, distributor, etc. R. Oldenbourg,
Date of publication, distribution, etc. 1961.
300 ## - PHYSICAL DESCRIPTION
Pagination 422 p. ;
Size 24 cm.
504 ## - BIBLIOGRAPHY, ETC. NOTE
Bibliography, etc Includes bibliographical references and index.
651 #0 - SUBJECT ADDED ENTRY--GEOGRAPHIC NAME
Geographic name Asiatic Russia
General subdivision History.
9 (RLIN) 84136
942 ## - ADDED ENTRY ELEMENTS (KOHA)
Source of classification or shelving scheme Dewey Decimal Classification
Koha item type Books
Holdings
Lost status Source of classification or shelving scheme Damaged status Not for loan Collection code Permanent Location Current Location Shelving location Date acquired Source of acquisition Cost, normal purchase price Total Checkouts Full call number Date last seen Copy number Koha item type
  Dewey Decimal Classification   Added to bundle Non-fiction Central Library, University of Rajshahi Central Library, University of Rajshahi Reading Room 14/09/1964 Zeitlinger. 91.00   947 SAG 1961 25/03/2014 C-1 Books